Rural energy II project central region: Works in Quang Ngai province: Environmental assessment

Đã lưu trong:
书目详细资料
主要作者: WB
格式: 图书
语言:Undetermined
出版: Washington DC The World Bank 2004
主题:
标签: 添加标签
没有标签, 成为第一个标记此记录!
Thư viện lưu trữ: Trung tâm Học liệu Trường Đại học Cần Thơ
LEADER 00553nam a2200193Ia 4500
001 CTU_62714
008 210402s9999 xx 000 0 und d
082 |a 363.7 
082 |b P887qn 
100 |a WB 
245 0 |a Rural energy II project central region: Works in Quang Ngai province: Environmental assessment 
245 0 |c WB 
260 |a Washington DC 
260 |b The World Bank 
260 |c 2004 
650 |a Rural development 
650 |x Environmental aspects 
904 |i Minh 
980 |a Trung tâm Học liệu Trường Đại học Cần Thơ